Gaming Quiz

Random Gaming or Clickable Quiz

Enchantments by Item Quiz Stats

 Plays Quiz not verified by Sporcle

Score 0/21 Timer 05:00
0 Plays Today
% Correct
Armor
76.8%
Armor
76.2%
Armor
75.9%
Fishing Rod
73.7%
Fishing Rod
73.2%
Sword
70.5%
Armor
69.3%
Armor
62.8%
Sword
62.2%
Tools
60.6%
Tools
60.3%
% Correct
Armor
58%
Sword
57.1%
Sword
53.8%
Bow
53.4%
Tools
53.1%
Bow
53%
Bow
50.9%
Bow
47.7%
Tools
46.2%
Sword
46.1%

You're not logged in!

Compare scores with friends on all Sporcle quizzes.
OR
Log In

Show Comments

Extras

Top Quizzes Today


Score Distribution

Your Account Isn't Verified!

In order to create a playlist on Sporcle, you need to verify the email address you used during registration. Go to your Sporcle Settings to finish the process.

Report this User

Report this user for behavior that violates our Community Guidelines.

Details: